The Cambridge companion to postmodernism /

書目詳細資料
其他作者: Connor, Steven, 1955-
格式: 圖書
語言:English
出版: Cambridge, UK ; New York : Cambridge University Press, 2004 [reprinted 2006].
叢編:Cambridge companions to literature
主題:
Classic Catalogue: View this record in Classic Catalogue
LEADER 01260nam a2200289 a 4500
001 0017175
003 BD-DhAAL
008 100429r20062004enk b 001 0 eng d
010 |a \\2003065411 
020 |a 0521689155 
020 |a 0521640520 
020 |a 0521648408 (pbk.) 
040 |a DLC  |c DLC  |d DLC  |d BD-DhAAL 
082 0 0 |a 149.97  |2 22 
245 0 4 |a The Cambridge companion to postmodernism /  |c edited by Steven Connor. 
260 |a Cambridge, UK ;  |a New York :  |b Cambridge University Press,  |c 2004 [reprinted 2006]. 
300 |a xii, 237 p. ;  |c 23 cm 
490 0 |a Cambridge companions to literature 
504 |a Includes bibliographical references (p. 224-229) and index. 
526 |a ENH  |x Prof. Syed Manzoorul Islam Faculty Member of BRAC University 
541 1 |e 00017175  |a Friends' Book Corner 
650 0 |a Postmodernism. 
700 1 |a Connor, Steven,  |d 1955-  |9 6170 
852 4 |a Ayesha Abed Library  |c General Stacks 
942 0 0 |0 1  |2 ddc  |c BK 
999 |c 8315  |d 8315 
952 |0 0  |1 0  |2 ddc  |4 0  |6 149_970000000000000_CAM_2006  |7 0  |9 9571  |a BRACUL  |b BRACUL  |c GEN  |d 2010-04-29  |e Friends' Book Corner  |g 990.00  |l 7  |m 32  |o 149.97 CAM  |p 3010017175  |q 2026-06-02  |r 2026-05-21  |s 2026-05-21  |t 1  |w 2010-04-29  |y BK  |x Requisitioned by Prof. Syed Manzoorul Islam (Faculty Member of BRAC University).